| 000 | 00318cam a22001217a 4500 | ||
|---|---|---|---|
| 008 | 180718b1958 xxu||||| |||| 00| 0 eng d | ||
| 082 | _aI5511 M829 | ||
| 100 | _aMoroney, M.J. | ||
| 245 |
_aFacts from figures _cby M.J. Moroney |
||
| 260 |
_aHarmondsworth _bPenguin Books _c1958 |
||
| 300 | _a472p. | ||
| 650 | _aStatistics | ||
| 999 |
_c374393 _d374393 |
||